000 04273nam a22003257a 4500
005 20170421115457.0
008 130419k16131614gw a|||fr|||||00||0dmul|d
040 _aCo-BoUCM
_bspa
_cSandra Yazo (modificó)
_dSandra Yazo (modificó)
041 0 _alat
_agre
082 0 4 _a441.7
_220
092 _aE06N060
100 1 _aValeriano, Pierio
_d1477-1560
_941603
242 0 0 _aCincuenta y ocho libros de Juan Pierio Valeriano con comentarios a los jeroglíficos sagrados de los egipcios y de otras culturas.
_bSe incorporaron como adiciones, otras colecciones de jeroglíficos, agrupadas en seis libros, descritas por autores antiguos y modernos. También dos libros de los Jeroglíficos de Horapolo, según la última corrección de David Hoechsel. Además, del mismo Pierio, una pequeña disertación sobre la barba de los sacerdotes y otros opúsculos con todas sus poesías.
_yspa
245 1 0 _aIoannis Pierii Valeriani … Hieroglyphica, sive de sacris aegyptiorum aliarumq. gentium literis, Commentariorum libri LVIII ...
_bAccesserunt loco auctarii, Hieroglyphicorum Collectanea, ex veteribus & recentioribus auctoribus descripta, & in sex libros digesta. Horapollinis ítem Hieroglyphicorum libri duo, ex postrema Davidis Hoeschelii correctione. Praeterea eiusdem Pierii declamatiuncula pro barbis sacerdotum, & reliqua opuscula sive poemata omnia
250 _aEditio novissima, annotationibus ad marginem ac Indicibus necesariis, adornata; emendata, & locupletata [Última edición, corregida, ampliada y complementada con notas marginales e índices necesarios]
260 _aFrancofurti ad Moenum [Frankfurt] (Alemania)
_bSumptibus Antonii Hierari, excudebat Erasmus Kempffer [A expensas de Antonio Hierat e impreso por Erasmo Kempffer]
_c1613-1614
300 _a5 obras en 2 volúmenes ([58], 376 ; 377-758, [56] ; 248, [8] ; 21, [3] ; 16 ; 56 páginas)
_bilustraciones
_c25 x 19 cm.
500 _aEjemplar dividido posteriormente en dos volúmenes, invirtiendo el orden de las obras. Cinco obras en los volúmenes. V.1: Sin encuadernación original, actualmente encuadernación rígida (holandesa con esquinas), cartón forrado en papel. Lomo y esquinas en cuero. Lomo con tejuelos y adornos en dorado. Guardas. Conserva la portada impresa en una sola tinta con un grabado decorativo, sucia y anotación manuscrita. Dedicatorias. Versos de elogio al autor y su obra. Breve biografía del autor. Índices. Cenefas y remates. Mayúsculas capitales. Texto impreso en una columna con varios tipos y tamaños de letra. Apostillas marginales. Varias ilustraciones (grabado) entre el texto. Hojas refiladas. Papel manchado. V.2 Encuadernación flexible en pergamino. Varias portadas impresas en una sola tinta, con grabados diferentes y fechas de publicación. Índices. Últimas hojas con intervenciones de restauración anteriores. Papel manchado por oxidación y de humedad, arrugas
505 2 _aV.1 Obra 1: Jeroglíficos egipcios. Parte I del libro I - XXI -- V.2 Obra 1: Jeroglíficos egipcios. Parte II del libro XXII – LVIII ; Primero y segundo libros de los comentarios jeroglíficos de un sabio eminente. Contienen aquellas propiedades que se expresan mediante representaciones e imágenes de los dioses y de los hombres -- Obra 2: Colección de jeroglíficos, en seis libros, descrita por los autores antiguos y modernos. Elaborada por orden alfabético -- Obra 3: Jeroglíficos de Horapolo, corregidos por David Hoeschel -- Obra 4: Disertación en defensa del uso de las barbas por parte de los sacerdotes -- Obra 5: Selección de poemas latinos de Juan Pierio Valeriano
506 _aConsulta en sala
546 _aTexto en latín y griego
650 7 _aJeroglíficos
_xObras anteriores a 1800
_918075
650 7 _aEmblemas
_xObras anteriores a 1800
_914032
651 7 _aEgipto
_xSignos y símbolos
_941604
690 _aGeneralidades
_977787
700 1 _aHoeschel, David
_c1556-1617
_941605
700 1 _aHorapollo
_985283
856 4 1 _uhttps://books.google.com.co/books?id=jL9lAAAAcAAJ&pg=RA1-PA57&dq=Hieroglyphica+sive+de+sacris+aegyptorum&hl=es&sa=X&ved=0ahUKEwiixpKd3LXTAhXIMSYKHcQTBvYQ6AEIVzAH#v=onepage&q=Hieroglyphica%20sive%20de%20sacris%20aegyptorum&f=false
_zDisponible en línea
942 _cLIBRO
_e1
_a12
_2LOCAL
_hE06N060
999 _c72367
_d72367